[Event "Chigorin Memorial 29th"]
[Site "St Petersburg"]
[Date "2022.10.24"]
[Round "3"]
[White "Fokin, Anatoly"]
[Black "Kudryashova, Sofiya"]
[Result "0-1"]
[WhiteElo "1494"]
[BlackElo "1133"]
[PlyCount "80"]
[EventDate "2022.10.22"]
[EventType "swiss"]
[EventRounds "9"]
[EventCountry "RUS"]
[SourceTitle "EXT 2024"]
[Source "ChessBase"]
[SourceDate "2023.10.10"]
[SourceVersion "1"]
[SourceVersionDate "2023.10.10"]
[SourceQuality "1"]

1. d4 d5 2. Bf4 Nf6 3. e3 e6 4. Nf3 c5 5. c3 Nc6 6. Bd3 cxd4 7. exd4 Bd6 8. Bg3 0-0 9. Nbd2 Re8 10. Ne5 Qc7 11. f4 g6 12. Qc2 Ne7 13. 0-0-0 Nf5 14. Bf2 Bxe5 15. dxe5 Ng4 16. Nf1 Nxf2 17. Qxf2 Bd7 18. g4 Ng7 19. h4 Qb6 20. Qxb6 axb6 21. Kb1 h5 22. Ne3 Bc6 23. Rh3 Ra4 24. Rf1 Rea8 25. a3 hxg4 26. Nxg4 Nh5 27. Nf6+ Nxf6 28. exf6 d4 29. Rg3 Kf8 30. h5 gxh5 31. Rfg1 Ke8 32. cxd4 Kd7 33. f5 Rxd4 34. fxe6+ Kxe6 35. Rf1 Ra5 36. Bc2 Re5 37. Rg8 Kd7 38. Bf5+ Rxf5 39. Rxf5 Be4+ 40. Kc1 Bxf5 0-1

[Event "Chigorin Memorial 29th"]
[Site "St Petersburg"]
[Date "2022.10.23"]
[Round "2"]
[White "Piatrenka, Ivan"]
[Black "Fokin, Anatoly"]
[Result "1-0"]
[WhiteElo "1861"]
[BlackElo "1494"]
[PlyCount "59"]
[EventDate "2022.10.22"]
[EventType "swiss"]
[EventRounds "9"]
[EventCountry "RUS"]
[SourceTitle "EXT 2024"]
[Source "ChessBase"]
[SourceDate "2023.10.10"]
[SourceVersion "1"]
[SourceVersionDate "2023.10.10"]
[SourceQuality "1"]

1. d4 d6 2. Nf3 Nd7 3. e4 e5 4. Bc4 h6 5. dxe5 dxe5 6. Bxf7+ Kxf7 7. Nxe5+ Kf6 8. Qd4 c5 9. Nxd7+ Ke7 10. Qe5+ Kxd7 11. 0-0 Qf6 12. Rd1+ Bd6 13. Bf4 Qxe5 14. Bxe5 Ke6 15. Bxd6 b6 16. Nc3 Nf6 17. Bg3 Bb7 18. Re1 Rad8 19. f3 Rd2 20. Rac1 h5 21. Bf4 Rd7 22. Rcd1 Rhd8 23. Rxd7 Rxd7 24. Rd1 Rf7 25. Bg3 g5 26. Nb5 h4 27. Nc7+ Ke7 28. Bd6+ Kd8 29. Ne6+ Kd7 30. Nxg5 1-0

[Event "Chigorin Memorial 28th"]
[Site "St Petersburg"]
[Date "2021.10.31"]
[Round "9"]
[White "Andronov, Ilya"]
[Black "Fokin, Anatoly"]
[Result "1-0"]
[WhiteElo "1866"]
[BlackElo "1593"]
[PlyCount "111"]
[EventDate "2021.10.23"]
[EventType "swiss"]
[EventRounds "9"]
[EventCountry "RUS"]
[SourceTitle "EXT 2023"]
[Source "ChessBase"]
[SourceDate "2022.10.05"]
[SourceVersion "1"]
[SourceVersionDate "2022.10.05"]
[SourceQuality "1"]

1. d4 d6 2. Nf3 Nf6 3. c4 Nbd7 4. Nc3 e5 5. e4 c6 6. g3 Be7 7. Bg2 0-0 8. 0-0 Qc7 9. Re1 Re8 10. h3 Nf8 11. d5 Bd7 12. Be3 c5 13. Nd2 g6 14. Kh2 Nh5 15. Rg1 Ng7 16. g4 f6 17. a3 a6 18. Bf1 Rab8 19. b4 b6 20. Rb1 g5 21. Rb3 Ng6 22. Qc2 Kf7 23. Be2 Rh8 24. bxc5 bxc5 25. Rgb1 Rxb3 26. Qxb3 h5 27. Kg3 Nf4 28. Bxf4 gxf4+ 29. Kg2 Rg8 30. Qb7 Qxb7 31. Rxb7 Bc8 32. Ra7 hxg4 33. hxg4 f5 34. exf5 Nxf5 35. Nde4 Nh4+ 36. Kf1 f3 37. Nxd6+ Kf8 38. Nxc8 fxe2+ 39. Kxe2 Bd8 40. f3 Ng6 41. Rxa6 Kf7 42. Ra7+ Kf8 43. Nd6 Rh8 44. Ra8 Kg7 45. Nf5+ Kf7 46. Ne4 Rh2+ 47. Kd1 Bb6 48. Ra6 Bd8 49. Ned6+ Kf6 50. Nb7+ Kg5 51. Nxd8 e4 52. Ne6+ Kf6 53. Nxc5+ Ke5 54. fxe4 Nf4 55. Ne6 Nxe6 56. dxe6 1-0

[Event "Chigorin Memorial 28th"]
[Site "St Petersburg"]
[Date "2021.10.24"]
[Round "2"]
[White "Seleznev, Mikhail V"]
[Black "Fokin, Anatoly"]
[Result "1-0"]
[WhiteElo "1971"]
[BlackElo "1593"]
[PlyCount "57"]
[EventDate "2021.10.23"]
[EventType "swiss"]
[EventRounds "9"]
[EventCountry "RUS"]
[SourceTitle "EXT 2023"]
[Source "ChessBase"]
[SourceDate "2022.10.05"]
[SourceVersion "1"]
[SourceVersionDate "2022.10.05"]
[SourceQuality "1"]

1. c4 d6 2. Nc3 e5 3. g3 Nf6 4. Bg2 c6 5. d3 Be7 6. Nf3 0-0 7. 0-0 a5 8. a3 Nbd7 9. Rb1 Nc5 10. b4 axb4 11. axb4 Ne6 12. e3 Qc7 13. Qb3 Rd8 14. Bb2 Bd7 15. Rfc1 c5 16. Nd5 Nxd5 17. cxd5 Nf8 18. bxc5 f6 19. Ba3 Qb8 20. Nd2 Kh8 21. Ne4 dxc5 22. Bxc5 Bxc5 23. Nxc5 Bc8 24. Nxb7 Re8 25. d6 Nd7 26. Qf7 Rf8 27. Qe7 Ra7 28. Nd8 Bb7 29. Nxb7 1-0

[Event "St Petersburg Summer op"]
[Site "St Petersburg"]
[Date "2017.08.24"]
[Round "9"]
[White "Ageeva, Vasilisa"]
[Black "Fokin, Anatoly"]
[Result "1-0"]
[WhiteElo "1562"]
[BlackElo "1756"]
[PlyCount "53"]
[EventDate "2017.08.16"]
[EventType "swiss"]
[EventRounds "9"]
[EventCountry "RUS"]
[SourceTitle "CBM 180 Extra"]
[Source "ChessBase"]
[SourceDate "2017.10.06"]
[SourceVersion "1"]
[SourceVersionDate "2017.10.06"]
[SourceQuality "1"]

1. d4 d5 2. Nc3 Nf6 3. Bg5 Nbd7 4. f3 e6 5. e3 Be7 6. Qd2 0-0 7. 0-0-0 b6 8. g4 Bb7 9. Bf4 a6 10. h4 c5 11. h5 Ne8 12. Nh3 f6 13. Rg1 Bd6 14. Bxd6 Nxd6 15. g5 f5 16. Nf4 Qe8 17. Qh2 Nb5 18. Bxb5 axb5 19. Nxb5 Rxa2 20. Nc7 Qb8 21. Nfxe6 Rc8 22. Qd6 Ra1+ 23. Kd2 Rxd1+ 24. Kxd1 Nf8 25. Qe7 Rxc7 26. Nxc7 cxd4 27. h6 1-0

[Event "St Petersburg Summer op"]
[Site "St Petersburg"]
[Date "2017.08.23"]
[Round "8"]
[White "Fokin, Anatoly"]
[Black "Grubova, Sofia"]
[Result "1/2-1/2"]
[WhiteElo "1756"]
[BlackElo "1641"]
[PlyCount "103"]
[EventDate "2017.08.16"]
[EventType "swiss"]
[EventRounds "9"]
[EventCountry "RUS"]
[SourceTitle "CBM 180 Extra"]
[Source "ChessBase"]
[SourceDate "2017.10.06"]
[SourceVersion "1"]
[SourceVersionDate "2017.10.06"]
[SourceQuality "1"]

1. d4 Nf6 2. c4 g6 3. Nc3 Bg7 4. e4 d6 5. Nf3 0-0 6. Be2 e5 7. 0-0 Nc6 8. d5 Ne7 9. b4 Nh5 10. Re1 f5 11. Ng5 Nf4 12. Bf1 h6 13. Nf3 fxe4 14. Nxe4 Bg4 15. h3 Nxh3+ 16. gxh3 Bxf3 17. Qd3 Qd7 18. Kh2 Bxe4 19. Rxe4 Rxf2+ 20. Bg2 Raf8 21. Be3 R2f7 22. a4 b6 23. a5 Nf5 24. Bg1 Rc8 25. Ra2 Ne7 26. h4 Rf4 27. Bh3 Nf5 28. h5 Rf8 29. hxg6 Qe7 30. axb6 cxb6 31. Rae2 Rxe4 32. Qxe4 Qg5 33. Qg4 Qxg4 34. Bxg4 Ne7 35. c5 bxc5 36. bxc5 Nxg6 37. cxd6 Rd8 38. Be6+ Kh8 39. Bc5 Bf8 40. Rg2 Kg7 41. Bf5 Kf6 42. Bxg6 Bxd6 43. Bxa7 e4+ 44. Kh3 Ke5 45. Bf7 Rd7 46. Bf2 Rxf7 47. Bg3+ Kxd5 48. Rd2+ Kc4 49. Rxd6 h5 50. Kg2 e3 51. Be1 Rf5 52. Rd8 1/2-1/2

[Event "St Petersburg Summer op"]
[Site "St Petersburg"]
[Date "2017.08.21"]
[Round "6"]
[White "Fokin, Anatoly"]
[Black "Oskin, Iakov"]
[Result "1-0"]
[WhiteElo "1756"]
[BlackElo "1472"]
[PlyCount "171"]
[EventDate "2017.08.16"]
[EventType "swiss"]
[EventRounds "9"]
[EventCountry "RUS"]
[SourceTitle "CBM 180 Extra"]
[Source "ChessBase"]
[SourceDate "2017.10.06"]
[SourceVersion "1"]
[SourceVersionDate "2017.10.06"]
[SourceQuality "1"]

1. d4 d5 2. c4 c6 3. Nc3 e6 4. e4 dxe4 5. Nxe4 Nf6 6. Nxf6+ Qxf6 7. Nf3 Bb4+ 8. Bd2 Bxd2+ 9. Qxd2 0-0 10. Bd3 Nd7 11. 0-0 c5 12. d5 exd5 13. cxd5 Nb6 14. Qc2 g6 15. Be4 Qd6 16. Rfd1 Bd7 17. a4 a5 18. b3 Bg4 19. h3 Bxf3 20. Bxf3 Rfe8 21. Rd3 Re5 22. Rad1 Rae8 23. g3 Nd7 24. Kg2 b6 25. Qc4 Nb8 26. h4 h5 27. Qf4 Kg7 28. Re3 Nd7 29. Rde1 Qf6 30. Be4 Qxf4 31. gxf4 R5e7 32. Kf3 f5 33. Bd3 Rxe3+ 34. fxe3 Nf6 35. Bc4 Rd8 36. Rd1 Ne4 37. Rd3 Kf6 38. Bb5 Ke7 39. Ke2 Nd6 40. Bc6 Rb8 41. Rc3 Ne4 42. Rc1 Kf6 43. Kd3 Ke7 44. Bb5 Kd6 45. Rg1 Rg8 46. Kc2 Nf6 47. Bc4 Ng4 48. Kd2 Nf6 49. Ke2 Ne4 50. Bd3 Nf6 51. Kf3 Ke7 52. e4 fxe4+ 53. Bxe4 Nxe4 54. Kxe4 Kd6 55. Rg5 Rg7 56. Re5 Rg8 57. Re6+ Kc7 58. Ke5 Kb7 59. Re7+ Kc8 60. d6 Rf8 61. Ra7 Kb8 62. Rg7 b5 63. axb5 c4 64. bxc4 a4 65. Rxg6 Re8+ 66. Kd5 a3 67. Rg3 a2 68. Ra3 Re2 69. Kc6 Rc2 70. c5 Rd2 71. f5 Rf2 72. f6 Re2 73. f7 Rf2 74. Rxa2 Rxf7 75. Rg2 Rf8 76. Kb6 Rh8 77. c6 Kc8 78. Ra2 Kb8 79. c7+ Kc8 80. Ra8+ Kd7 81. Rxh8 Kxd6 82. c8Q Ke7 83. Rh6 Kf7 84. Qd7+ Kg8 85. Rh7 Kf8 86. Rh8# 1-0

[Event "Chigorin Memorial 24th"]
[Site "St Petersburg"]
[Date "2016.10.22"]
[Round "8"]
[White "Zaika, Daniil"]
[Black "Fokin, Anatoly"]
[Result "1-0"]
[WhiteElo "2038"]
[BlackElo "1802"]
[PlyCount "43"]
[EventDate "2016.10.15"]
[EventType "swiss"]
[EventRounds "9"]
[EventCountry "RUS"]
[SourceTitle "CBM 175 Extra"]
[Source "ChessBase"]
[SourceDate "2016.12.12"]
[SourceVersion "1"]
[SourceVersionDate "2016.12.12"]
[SourceQuality "1"]

1. c4 e5 2. Nc3 Nf6 3. Nf3 Nc6 4. g3 d6 5. d4 exd4 6. Nxd4 Nxd4 7. Qxd4 Be7 8. Bg2 c6 9. 0-0 0-0 10. Rd1 Qc7 11. Bf4 Rd8 12. Qd3 Bg4 13. c5 Ne8 14. Ne4 Qd7 15. cxd6 Bf8 16. Nc5 Qf5 17. Qxf5 Bxf5 18. Nxb7 g5 19. Bxg5 Rd7 20. Bxc6 Rxd6 21. Nxd6 Nxd6 22. Bxa8 1-0

[Event "Chigorin Memorial 24th"]
[Site "St Petersburg"]
[Date "2016.10.18"]
[Round "4"]
[White "Yeritsyan, Aram"]
[Black "Fokin, Anatoly"]
[Result "1-0"]
[WhiteElo "2114"]
[BlackElo "1802"]
[PlyCount "119"]
[EventDate "2016.10.15"]
[EventType "swiss"]
[EventRounds "9"]
[EventCountry "RUS"]
[SourceTitle "CBM 175 Extra"]
[Source "ChessBase"]
[SourceDate "2016.12.12"]
[SourceVersion "1"]
[SourceVersionDate "2016.12.12"]
[SourceQuality "1"]

1. d4 d5 2. c4 e6 3. Nf3 Nf6 4. g3 Ne4 5. e3 b6 6. Nbd2 Bd6 7. Nxe4 dxe4 8. Nd2 Bb7 9. Qc2 f5 10. c5 Be7 11. Bb5+ c6 12. Bc4 Bc8 13. cxb6 axb6 14. Qb3 Kf7 15. f3 b5 16. Be2 exf3 17. Nxf3 Nd7 18. 0-0 Bf6 19. g4 g6 20. e4 Kg7 21. g5 Be7 22. Qxe6 Ra6 23. exf5 Re8 24. fxg6 hxg6 25. Nh4 Nf8 26. Qe5+ Kg8 27. Qf4 Be6 28. Nf3 Bf5 29. Qg3 Ne6 30. Be3 Bd6 31. Ne5 Qe7 32. Rfe1 Ra4 33. Nxc6 Qc7 34. Qg2 Qb6 35. Bf3 Ng7 36. Bf2 Rf8 37. Ne5 Qa6 38. Qg3 Qc8 39. Rac1 Qd8 40. Bd1 Ra8 41. h4 Qa5 42. a3 Qd2 43. Qc3 Qxc3 44. Rxc3 b4 45. Rc6 bxa3 46. bxa3 Bxe5 47. Bb3+ Kh7 48. dxe5 Rxa3 49. Bc5 Rxb3 50. Bxf8 Ne6 51. Bh6 Nd4 52. Rc7+ Kh8 53. Rf1 Rb2 54. Rf2 Rb1+ 55. Kh2 Re1 56. Rb2 Re2+ 57. Rxe2 Nxe2 58. Rc4 Kg8 59. e6 Bxe6 60. Re4 1-0

[Event "Chigorin Memorial 24th"]
[Site "St Petersburg"]
[Date "2016.10.15"]
[Round "1"]
[White "Fokin, Anatoly"]
[Black "Melnikov, Dmitry"]
[Result "1-0"]
[WhiteElo "1802"]
[BlackElo "2254"]
[PlyCount "81"]
[EventDate "2016.10.15"]
[EventType "swiss"]
[EventRounds "9"]
[EventCountry "RUS"]
[SourceTitle "CBM 175 Extra"]
[Source "ChessBase"]
[SourceDate "2016.12.12"]
[SourceVersion "1"]
[SourceVersionDate "2016.12.12"]
[SourceQuality "1"]

1. d4 f5 2. c4 Nf6 3. Nc3 d6 4. Nf3 g6 5. Bf4 Bg7 6. e3 0-0 7. Bd3 Qe8 8. h3 Nh5 9. Bh2 e5 10. dxe5 dxe5 11. Be2 Nc6 12. Nd5 Qd8 13. 0-0 Be6 14. Qc2 e4 15. Nxc7 exf3 16. Nxe6 fxe2 17. Nxd8 exf1Q+ 18. Kxf1 Raxd8 19. c5 Kh8 20. Bd6 Rf7 21. Rc1 Rfd7 22. a3 Nf6 23. b4 a6 24. Qb3 Ne4 25. Rd1 h6 26. Qe6 Kh7 27. g4 Ng5 28. Qd5 Ne7 29. Qb3 Nxh3 30. gxf5 Nxf5 31. e4 Nxd6 32. Qxh3 Be5 33. Qe6 Bf4 34. cxd6 Rxd6 35. Rxd6 Bxd6 36. e5 Bf8 37. Qf7+ Bg7 38. e6 Rf8 39. Qxb7 Kg8 40. e7 Re8 41. Qd5+ 1-0

[Event "Chigorin Memorial 22nd"]
[Site "St Petersburg"]
[Date "2014.10.21"]
[Round "4"]
[White "Mezentsev, Ivan"]
[Black "Fokin, Anatoly"]
[Result "1-0"]
[WhiteElo "2080"]
[BlackElo "1765"]
[PlyCount "97"]
[EventDate "2014.10.18"]
[EventType "swiss"]
[EventRounds "9"]
[EventCountry "RUS"]
[SourceTitle "EXT 2015"]
[Source "ChessBase"]
[SourceDate "2014.11.20"]
[SourceVersion "1"]
[SourceVersionDate "2014.11.20"]
[SourceQuality "1"]

1. d4 d5 2. c4 e6 3. Nc3 Nf6 4. cxd5 exd5 5. Bg5 Nbd7 6. e3 c6 7. Bd3 Be7 8. Nf3 0-0 9. 0-0 Re8 10. Qc2 Nf8 11. Ne5 N6d7 12. Bxe7 Qxe7 13. Nf3 g6 14. e4 dxe4 15. Nxe4 Nf6 16. Nc3 Bg4 17. Ne5 Be6 18. Rad1 Rad8 19. Qa4 a6 20. Rfe1 Qc7 21. Bf1 b5 22. Qxa6 Rd6 23. Qa3 Red8 24. Qc5 Nd5 25. Ne4 f6 26. Nxd6 Rxd6 27. Nd3 Bf7 28. Nb4 Nd7 29. Nxd5 Bxd5 30. Qc3 Nf8 31. Bxb5 Qf7 32. Ba4 Ne6 33. Bb3 Rd8 34. Bxd5 cxd5 35. b4 Qd7 36. Qb3 Rb8 37. a4 Ng5 38. h4 Nf7 39. b5 Qf5 40. b6 Nd6 41. a5 Nc4 42. Qb5 Kf7 43. Qc5 Qd7 44. Rc1 Rc8 45. Re7+ Qxe7 46. Qxc8 Qa3 47. Rxc4 dxc4 48. Qxc4+ Kg7 49. Qc7+ 1-0

[Event "Chigorin Memorial 21st"]
[Site "St Petersburg"]
[Date "2013.10.13"]
[Round "9"]
[White "Krasnikov, Mikhail"]
[Black "Fokin, Anatoly"]
[Result "1-0"]
[WhiteElo "1846"]
[BlackElo "1765"]
[PlyCount "73"]
[EventDate "2013.10.05"]
[EventType "swiss"]
[EventRounds "9"]
[EventCountry "RUS"]
[SourceTitle "CBM 156 Extra"]
[Source "ChessBase"]
[SourceDate "2013.10.22"]
[SourceVersion "1"]
[SourceVersionDate "2013.10.22"]
[SourceQuality "1"]

1. d4 d5 2. c4 e6 3. Nc3 Nf6 4. cxd5 exd5 5. Bg5 Be7 6. e3 0-0 7. Bd3 Re8 8. Qc2 h6 9. Bh4 c6 10. Nge2 Ne4 11. Bg3 f5 12. 0-0 g5 13. Rab1 Bd6 14. b4 Be6 15. b5 Qe7 16. f3 Nxc3 17. Nxc3 Rf8 18. Bf2 c5 19. dxc5 Bxc5 20. e4 dxe4 21. fxe4 f4 22. Nd5 Bxf2+ 23. Rxf2 Bxd5 24. exd5 Qd6 25. Re1 Nd7 26. Re6 Qb4 27. Bh7+ Kh8 28. Rxh6 Rf6 29. Rh5 Qe1+ 30. Rf1 Qe3+ 31. Kh1 f3 32. gxf3 Kg7 33. Qg2 Rh6 34. Rxh6 Kxh6 35. Qh3+ Kg7 36. Qxd7+ Kh8 37. Be4 1-0

[Event "Chigorin Memorial 21st"]
[Site "St Petersburg"]
[Date "2013.10.08"]
[Round "4"]
[White "Aleksandrov, Grigoriy"]
[Black "Fokin, Anatoly"]
[Result "1-0"]
[WhiteElo "1890"]
[BlackElo "1765"]
[PlyCount "107"]
[EventDate "2013.10.05"]
[EventType "swiss"]
[EventRounds "9"]
[EventCountry "RUS"]
[SourceTitle "CBM 156 Extra"]
[Source "ChessBase"]
[SourceDate "2013.10.22"]
[SourceVersion "1"]
[SourceVersionDate "2013.10.22"]
[SourceQuality "1"]

1. d4 d5 2. c4 c6 3. Nf3 Nf6 4. cxd5 cxd5 5. Nc3 Bf5 6. Qb3 b6 7. h3 e6 8. Bf4 Be7 9. g4 Bg6 10. Bxb8 Qxb8 11. Qb5+ Nd7 12. Rc1 f6 13. Qc6 Bf7 14. Nb5 Bb4+ 15. Kd1 Ke7 16. Nc7 Rc8 17. Qxa8 Rxc7 18. Qxb8 Rxc1+ 19. Kxc1 Nxb8 20. e3 a6 21. Bd3 h6 22. Kb1 b5 23. Rc1 Kd8 24. h4 Bd6 25. g5 Bh5 26. gxh6 gxh6 27. Nd2 f5 28. Rg1 Bf8 29. Nb3 Nd7 30. Rc1 Nb8 31. Na5 Be8 32. Nb7+ Kd7 33. Nc5+ Kd6 34. a4 h5 35. axb5 axb5 36. Kc2 Be7 37. Ra1 Bc6 38. Rg1 Bxh4 39. Rg6 Bxf2 40. Bxf5 Bd7 41. Bxe6 Bxe6 42. Rxe6+ Kc7 43. Nd3 Bg3 44. Nb4 h4 45. Nxd5+ Kd7 46. Rh6 Nc6 47. Nf6+ Kc7 48. Ne4 Ne7 49. Rh7 Kd8 50. Nxg3 hxg3 51. Rg7 Nf5 52. Rg8+ Kc7 53. Kd3 Kd6 54. e4 1-0

[Event "Chigorin Memorial 20th"]
[Site "St Petersburg"]
[Date "2012.10.29"]
[Round "3"]
[White "Westerberg, Claes Goran"]
[Black "Fokin, Anatoly"]
[Result "1/2-1/2"]
[WhiteElo "2007"]
[BlackElo "1793"]
[PlyCount "126"]
[EventDate "2012.10.27"]
[EventType "swiss"]
[EventRounds "9"]
[EventCountry "RUS"]
[SourceTitle "EXT 2013"]
[Source "ChessBase"]
[SourceDate "2012.11.22"]
[SourceVersion "1"]
[SourceVersionDate "2012.11.22"]
[SourceQuality "1"]

1. e4 e5 2. Nf3 Nc6 3. d4 exd4 4. Nxd4 Nf6 5. Nxc6 bxc6 6. e5 Nd5 7. c4 Bb4+ 8. Nd2 Nf4 9. a3 Be7 10. Nf3 Ne6 11. Be2 0-0 12. 0-0 c5 13. Be3 f6 14. Qd2 a5 15. exf6 Bxf6 16. Bxc5 d6 17. Be3 Bb7 18. Rad1 Qe7 19. Rfe1 Qf7 20. b3 Rfe8 21. h3 g6 22. Ng5 Nxg5 23. Bxg5 Be5 24. Be3 Rf8 25. Rf1 Rfe8 26. f4 Bg7 27. Bf3 Bxf3 28. Rxf3 a4 29. Bd4 axb3 30. Bxg7 Kxg7 31. Qb2+ Kg8 32. Qxb3 Re4 33. c5 dxc5 34. Qxf7+ Kxf7 35. Rc3 Ra5 36. Rd7+ Re7 37. Rd5 Ke6 38. Rcxc5 Rxc5 39. Rxc5 Kd6 40. Rc3 c5 41. Rd3+ Kc6 42. Kf2 c4 43. Re3 Rf7 44. g3 Kd5 45. Ke2 Kd4 46. Re8 Rb7 47. Rd8+ Kc3 48. Rc8 Rb2+ 49. Ke3 Rg2 50. g4 Rg3+ 51. Ke4 Rxh3 52. f5 gxf5+ 53. gxf5 Rh1 54. f6 Rf1 55. Ke5 Kb3 56. a4 c3 57. a5 Re1+ 58. Kd6 Rf1 59. Ke7 Re1+ 60. Kd7 Rd1+ 61. Ke6 Re1+ 62. Kd7 Rd1+ 63. Ke7 Re1+ 1/2-1/2

[Event "Chigorin Memorial 20th"]
[Site "St Petersburg"]
[Date "2012.10.27"]
[Round "1"]
[White "Martynov, Pavel1111"]
[Black "Fokin, Anatoly"]
[Result "1-0"]
[WhiteElo "2303"]
[BlackElo "1793"]
[PlyCount "77"]
[EventDate "2012.10.27"]
[EventType "swiss"]
[EventRounds "9"]
[EventCountry "RUS"]
[SourceTitle "EXT 2013"]
[Source "ChessBase"]
[SourceDate "2012.11.22"]
[SourceVersion "1"]
[SourceVersionDate "2012.11.22"]
[SourceQuality "1"]

1. d4 d5 2. c4 e6 3. Nc3 Nf6 4. cxd5 exd5 5. Bg5 Be7 6. e3 0-0 7. Bd3 c6 8. Qc2 Nbd7 9. Nge2 Re8 10. 0-0 Nf8 11. h3 g6 12. Ng3 Ne6 13. Bh6 Kh8 14. Bf4 Nxf4 15. exf4 Bd6 16. f5 Kg7 17. Qd2 Qc7 18. Nce2 Ne4 19. Bxe4 dxe4 20. f6+ Kh8 21. Nxe4 Bf8 22. N2g3 Be6 23. Rfe1 Red8 24. h4 c5 25. Ng5 Bc4 26. Nf3 Qb6 27. b3 Be6 28. h5 cxd4 29. hxg6 fxg6 30. Re5 Bf7 31. Qf4 Bd6 32. Ng5 Qc7 33. Qh4 Bg8 34. Ree1 Bxg3 35. fxg3 h5 36. Re7 Rd7 37. Qe4 Rxe7 38. fxe7 Re8 39. Qxd4+ 1-0

[Event "St Petersburg Botvinnik Memorial op"]
[Site "St Petersburg"]
[Date "2012.08.29"]
[Round "5"]
[White "Yakupova, Aysyla"]
[Black "Fokin, Anatoly"]
[Result "1-0"]
[WhiteElo "2116"]
[BlackElo "1803"]
[PlyCount "43"]
[EventDate "2012.08.25"]
[EventType "swiss"]
[EventRounds "9"]
[EventCountry "RUS"]
[SourceTitle "CBM 150 Extra"]
[Source "ChessBase"]
[SourceDate "2012.10.19"]
[SourceVersion "1"]
[SourceVersionDate "2012.10.19"]
[SourceQuality "1"]

1. e4 d5 2. exd5 Nf6 3. d4 Nxd5 4. Nf3 g6 5. c4 Nb6 6. Nc3 Bg7 7. c5 N6d7 8. Bc4 0-0 9. 0-0 Nc6 10. Re1 e5 11. Bg5 Bf6 12. Bxf6 Qxf6 13. Nd5 Qd8 14. dxe5 Nxc5 15. Qe2 Be6 16. Nf6+ Kg7 17. Bxe6 Nxe6 18. Qe4 Qe7 19. Qh4 h6 20. Rac1 Qb4 21. Rc4 Qa5 22. Qxh6+ 1-0

[Event "St Petersburg Spring op"]
[Site "St Petersburg"]
[Date "2012.03.26"]
[Round "5"]
[White "Sorokina, Svetlana Vitalievna"]
[Black "Fokin, Anatoly"]
[Result "1/2-1/2"]
[WhiteElo "1668"]
[BlackElo "1849"]
[PlyCount "87"]
[EventDate "2012.03.22"]
[EventType "swiss"]
[EventRounds "9"]
[EventCountry "RUS"]
[SourceTitle "EXT 2013"]
[Source "ChessBase"]
[SourceDate "2012.11.22"]
[SourceVersion "1"]
[SourceVersionDate "2012.11.22"]
[SourceQuality "1"]

1. d4 d5 2. c4 e6 3. Nc3 Nf6 4. Nf3 c6 5. e3 Bd6 6. Be2 Nbd7 7. 0-0 0-0 8. b3 Ne4 9. Bb2 f5 10. Nd2 Qh4 11. f4 Ndf6 12. Nf3 Qh6 13. Bd3 Bd7 14. Qe1 Be8 15. Bxe4 fxe4 16. Ne5 Nd7 17. Nxd7 Bxd7 18. Ne2 Rf7 19. a4 g5 20. g3 gxf4 21. Nxf4 Bxf4 22. Rxf4 Rxf4 23. gxf4 Kf7 24. Qf2 Rg8+ 25. Kh1 Qh5 26. Rf1 Ke8 27. Ba3 Kd8 28. Bd6 b6 29. Be5 Kc8 30. cxd5 exd5 31. f5 Rf8 32. f6 Bg4 33. h4 Bf3+ 34. Kh2 Rg8 35. Rg1 Rxg1 36. Kxg1 Kd7 37. Qg3 Qg4 38. Kf2 Qxg3+ 39. Kxg3 Bd1 40. Bb8 a6 41. Ba7 Bxb3 42. Bxb6 Ke6 43. a5 Kxf6 44. Kf4 1/2-1/2

[Event "St Petersburg Spring op"]
[Site "St Petersburg"]
[Date "2012.03.23"]
[Round "2"]
[White "Fokin, Anatoly"]
[Black "Petrochenko, Maria"]
[Result "0-1"]
[WhiteElo "1849"]
[BlackElo "1576"]
[PlyCount "126"]
[EventDate "2012.03.22"]
[EventType "swiss"]
[EventRounds "9"]
[EventCountry "RUS"]
[SourceTitle "EXT 2013"]
[Source "ChessBase"]
[SourceDate "2012.11.22"]
[SourceVersion "1"]
[SourceVersionDate "2012.11.22"]
[SourceQuality "1"]

1. d4 d5 2. c4 c6 3. e3 Nf6 4. Nc3 e6 5. Nf3 Nbd7 6. Bd3 dxc4 7. Bxc4 b5 8. Bd3 Bd6 9. a3 Bb7 10. 0-0 0-0 11. e4 e5 12. d5 cxd5 13. exd5 a6 14. Bg5 h6 15. Bh4 Qb6 16. Bc2 Rfe8 17. Re1 Rac8 18. Rc1 b4 19. axb4 Bxb4 20. Bb3 Qd6 21. Re2 Bxc3 22. bxc3 Nh5 23. Rd2 Nf4 24. Bg3 Nc5 25. Bxf4 exf4 26. Ba2 Ne4 27. Re2 Qf6 28. c4 Nc3 29. Rxe8+ Rxe8 30. Qc2 Ne2+ 31. Kf1 Nxc1 32. Qxc1 Qe7 33. Bb1 Qe2+ 34. Kg1 a5 35. h3 a4 36. Kh2 Qxf2 37. Qxf4 Qc5 38. Ne5 Qe7 39. d6 Qf6 40. Qd4 Rd8 41. c5 a3 42. Ba2 Rd7 43. Qe3 Rd8 44. Nxf7 Rb8 45. Ne5+ Kh8 46. Nd7 Qb2 47. Qg3 Rd8 48. Ne5 Qxa2 49. c6 Bc8 50. d7 Bxd7 51. Nxd7 Rc8 52. Ne5 Qe6 53. Ng6+ Kg8 54. Nf4 Qf7 55. Ne2 a2 56. Qa3 Qc4 57. Ng3 Qc2 58. Nh5 Qb1 59. Qe7 a1Q 60. Qe6+ Kh7 61. Qxc8 Qg1+ 62. Kg3 Qe5+ 63. Nf4 Qge3+ 0-1

[Event "Chigorin Memorial 19th"]
[Site "St Petersburg"]
[Date "2011.10.20"]
[Round "7"]
[White "Fokin, Anatoly"]
[Black "Gusev, Boris"]
[Result "1-0"]
[WhiteElo "1858"]
[BlackElo "1734"]
[PlyCount "59"]
[EventDate "2011.10.14"]
[EventType "swiss"]
[EventRounds "9"]
[EventCountry "RUS"]
[SourceTitle "CBM 144 Extra"]
[Source "ChessBase"]
[SourceDate "2011.10.28"]
[SourceVersion "1"]
[SourceVersionDate "2011.10.28"]
[SourceQuality "1"]

1. d4 Nf6 2. c4 g6 3. Nc3 d5 4. e3 Bg7 5. Nf3 c6 6. b3 0-0 7. Bd3 e6 8. Bb2 Qc7 9. Ne5 Nbd7 10. f4 Ne8 11. 0-0 f6 12. Nf3 dxc4 13. bxc4 e5 14. Qd2 Nb6 15. c5 exd4 16. exd4 Nd5 17. Nxd5 cxd5 18. h3 Bh6 19. Nh2 Ng7 20. Qf2 Nh5 21. f5 Nf4 22. Bc2 Bxf5 23. Bxf5 gxf5 24. Qf3 Qd7 25. Bc1 Qa4 26. Bxf4 Qxd4+ 27. Kh1 Bxf4 28. Qxf4 Qe5 29. Qxf5 Rae8 30. Ng4 1-0

[Event "St Petersburg Botvinnik 100 op"]
[Site "St Petersburg"]
[Date "2011.08.14"]
[Round "3"]
[White "Fokin, Anatoly"]
[Black "Butuc, Maria"]
[Result "0-1"]
[WhiteElo "1855"]
[BlackElo "2172"]
[PlyCount "105"]
[EventDate "2011.08.12"]
[EventType "swiss"]
[EventRounds "9"]
[EventCountry "RUS"]
[SourceTitle "CBM 143 Extra"]
[Source "ChessBase"]
[SourceDate "2011.08.29"]
[SourceVersion "1"]
[SourceVersionDate "2011.08.29"]
[SourceQuality "1"]

1. d4 d5 2. c4 c6 3. Nf3 Nf6 4. Nc3 dxc4 5. e3 b5 6. a4 b4 7. Na2 e6 8. Bxc4 Be7 9. 0-0 0-0 10. Bd2 a5 11. Nc1 Nbd7 12. Nb3 Bb7 13. Qe2 c5 14. Rfd1 Qb6 15. Be1 Rfc8 16. Nfd2 e5 17. dxe5 Nxe5 18. Bb5 Qe6 19. f3 Bd5 20. Bg3 h6 21. Bxe5 Qxe5 22. Nc4 Bxc4 23. Bxc4 Bd6 24. g3 Re8 25. Rd3 h5 26. Rad1 Bc7 27. Qf2 Rad8 28. e4 Rxd3 29. Rxd3 h4 30. Kg2 hxg3 31. hxg3 Re7 32. Re3 g5 33. Re2 Nh5 34. Rd2 Nxg3 35. Rd5 Qf6 36. Nxc5 Nh5 37. Rf5 Nf4+ 38. Kf1 Qh6 39. Qg1 Qh3+ 40. Kf2 Qxf5 41. exf5 Nh3+ 42. Kg2 Nxg1 43. Ne4 Bb6 44. Kg3 Bd4 45. b3 Kg7 46. Nxg5 Ne2+ 47. Kg4 Nc3 48. Nh3 Be3 49. f4 f6 50. Kf3 Bc5 51. Be6 Re8 52. Nf2 Bxf2 53. Kxf2 0-1